000 00647nam a2200241 4500
003 OSt
005 20260601171006.0
008 260509t2020\\\\mx\a||||\||||\00|\0\spa\d
040 _aICI
_bspa
_cICI
041 _aspa
050 _aNK1548
_bC65 2020
100 1 _aComex
245 1 _aColorLife Trends 2020
264 _aMéxico :
_bComex,
_c2002
300 _a250 páginas :
_bilustraciones
336 _atexto
_2rdacontent
337 _asin medio
_2rdamedia
338 _avolumen
_2rdacarrier
650 _aColor en diseño
_932336
650 _aTendencias del color
_932337
650 _aPinturas y recubrimientos
_932338
942 _2lcc
_cB
_n1
999 _c20297
_d20297